| 000 | 00608nam a2200181 i 4500 | ||
|---|---|---|---|
| 001 | 137622 | ||
| 003 | ES-MaACL | ||
| 005 | 20230906195417.0 | ||
| 007 | t| | ||
| 008 | 070214s1925 cu r ||||1| spa d | ||
| 100 | 1 |
_aSalazar y Roig, Salvador. _9101835 |
|
| 245 | 1 | 0 |
_aElogio del Dr. Raimundo Cabrera y Bosch, académico de número / _cleído por el Dr. Salvador Salazar y Roig. |
| 260 |
_aLa Habana : _bEl siglo XX, _c1925. |
||
| 300 |
_a486 p. ; _c29 x 21 cm. |
||
| 500 | _aPrecede al tít.: Academia de la Historia. | ||
| 710 | 2 |
_aAcademia de la Historia de Cuba. _91183 |
|
| 852 |
_aES-MaACL _jB-11119 |
||
| 999 |
_c137622 _d137622 |
||